banner koha

Manejo ecológico na florada (Registro n. 300102)

MARC details
000 -LÍDER
fixed length control field 01004nab a2200337 4500
003 - CÓDIGO MARC DA AGÊNCIA CATALOGADORA
Campo de controle BR-BrBNA
005 - DATA E HORA DA ÚLTIMA ATUALIZAÇÃO
Campo de controle 20240617202110.0
008 - CAMPO DE TAMANHO FIXO
fixed length control field 240617b bl.||||| |||| 00| 0 por d
040 ## - FONTE DA CATALOGAÇÃO
Agência catalogadora BR-BrBNA
Idioma da catalogação por
072 ## - CATEGORIA AGRIS
Código AGRIS H01 ; H10 ; H20
100 ## - ENTRADA PRINCIPAL - NOME PESSOAL
Nome pessoal Gravena, Santin
245 ## - TÍTULO PRINCIPAL
Título principal Manejo ecológico na florada
Subtítulo Manejo
500 ## - NOTA GERAL
Nota geral 6 illus.
942 ## - ADDED ENTRY ELEMENTS (KOHA)
Koha item type
650 ## - ASSUNTO - THESAGRO
Cabeçalho tópico ou nome geográfico CITRICULTURA
650 ## - ASSUNTO - THESAGRO
Cabeçalho tópico ou nome geográfico POMAR
650 ## - ASSUNTO - THESAGRO
Cabeçalho tópico ou nome geográfico PRIMAVERA
650 ## - ASSUNTO - THESAGRO
Cabeçalho tópico ou nome geográfico FLORAÇÃO
650 ## - ASSUNTO - THESAGRO
Cabeçalho tópico ou nome geográfico PRAGA DE PLANTA
650 ## - ASSUNTO - THESAGRO
Cabeçalho tópico ou nome geográfico DOENÇA DE PLANTA
650 ## - ASSUNTO - THESAGRO
Cabeçalho tópico ou nome geográfico MANEJO
650 ## - ASSUNTO - THESAGRO
Cabeçalho tópico ou nome geográfico CONTROLE INTEGRADO
650 ## - ASSUNTO - THESAGRO
Cabeçalho tópico ou nome geográfico SINTOMA
650 ## - ASSUNTO - THESAGRO
Cabeçalho tópico ou nome geográfico PROFILAXIA
650 ## - ASSUNTO - THESAGRO
Cabeçalho tópico ou nome geográfico INSPEÇÃO VEGETAL
650 ## - ASSUNTO - THESAGRO
Cabeçalho tópico ou nome geográfico QUEBRA-VENTO
650 ## - ASSUNTO - THESAGRO
Cabeçalho tópico ou nome geográfico CONTROLE QUÍMICO
650 ## - ASSUNTO - THESAGRO
Cabeçalho tópico ou nome geográfico INIMIGO NATURAL
773 0# - ENTRADA ANALÍTICA
Host Biblionumber 4769
Registro do item 314619
Imprenta Bebedouro - SP Grupo Técnico de Assistência e Consultoria em Citrus 2001
Outro identificador 2024-0871
Título Ciência e Pratica (Brazil)
Colação v. 3(10) p. 4-5; (Jul-Sep 2003)
Número de controle de registro BR2024001577

Nenhum exemplar disponível.

BINAGRI

Telefone: (61)3218-2567/2388/3357/2097 - binagri@agro.gov.br

Ministério da Agricultura e Pecuária , Esplanada dos Ministérios, Bloco D, Anexo B, Brasília/DF, CEP: 70.043-900